Μύθοι της Μεσοποταμίας

Αποθηκεύτηκε σε:
Λεπτομέρειες βιβλιογραφικής εγγραφής
Κύριος συγγραφέας: McCall, Henrietta
Μορφή: Βιβλίο
Γλώσσα:Greek
English
Δημοσίευση: Αθήνα : Παπαδήμας, 1996.
Σειρά:Μύθοι και ιστορία των λαών
Θέματα:
Ετικέτες: Προσθήκη ετικέτας
Δεν υπάρχουν, Καταχωρήστε ετικέτα πρώτοι!

MARC

LEADER 00000cam a2200000 i 4500
001 1/20419
008 980429s1996 gr | ||| |||| ||gre||
020 |a 9602063580 
035 |l 10036031 
040 |a GR-MyUA  |b gre  |e AACR2 
041 1 |a gre  |h eng 
082 0 |a 299.21 
100 1 |a McCall, Henrietta. 
245 1 0 |a Μύθοι της Μεσοποταμίας /   |c Henrietta McCall.  
260 |a Αθήνα :   |b Παπαδήμας,   |c 1996.  
300 |a 96 σ.  
490 1 |a (Μύθοι και ιστορία των λαών)  
500 |a Τίτλος πρωτοτύπου: Mesopotamian myths.  
650 0 0 |a Mythology, Assyro-Babylonian. 
830 0 |a Μύθοι και ιστορία των λαών 
852 |a INST  |b RHODES  |e 19980429  |h 299.21 MCC  |p 005400010692  |q 005400010692  |t BK  |y 0 
901 |a BIBL-1998-1 
909 |a Ρ  |b 053637